000 00277nam a22001337a 4500
008 171215b xxu||||| |||| 00| 0 eng d
020 _a9780130584151
041 _aeng
080 _a51
100 _a36
101 _aMAT
245 _aALGEBRA
_cCONNELL,J.W
942 _2udc
_cBK
999 _c38963
_d38963